[Event "Campionat de Catalunya 2021 Sub 10-14"]
[Site "Salou"]
[Date "2021.03.31"]
[Round "8.8"]
[White "Dea Ruiz, Jofre"]
[Black "Najar Arrieta, Oriol"]
[Result "1/2-1/2"]
[WhiteFideId "54700493"]
[BlackFideId "54587603"]
[WhiteElo "1336"]
[BlackElo "1291"]

1. d4 {[%clk 01:30:58]} {[%emt 00:00:01]} Nf6 {[%clk 01:30:48]} {[%emt
00:00:12]} 2. Bf4 {[%clk 01:31:18]} {[%emt 00:00:11]} g6 {[%clk 01:30:54]}
{[%emt 00:00:24]} 3. e3 {[%clk 01:31:25]} {[%emt 00:00:23]} Bg7 {[%clk
01:29:34]} {[%emt 00:01:50]} 4. Nf3 {[%clk 01:31:28]} {[%emt 00:00:27]} O-O
{[%clk 01:28:38]} {[%emt 00:01:27]} 5. Nbd2 {[%clk 01:30:37]} {[%emt 00:01:21]}
d6 {[%clk 01:27:44]} {[%emt 00:01:24]} 6. Bc4 {[%clk 01:29:57]} {[%emt
00:01:10]} Nbd7 {[%clk 01:22:52]} {[%emt 00:05:21]} 7. O-O {[%clk 01:29:19]}
{[%emt 00:01:09]} Nh5 {[%clk 01:17:29]} {[%emt 00:05:53]} 8. Bg5 {[%clk
01:28:39]} {[%emt 00:01:10]} Nhf6 {[%clk 01:10:41]} {[%emt 00:07:18]} 9. c3
{[%clk 01:27:53]} {[%emt 00:01:15]} e5 {[%clk 01:09:27]} {[%emt 00:01:45]} 10.
Qb3 {[%clk 01:26:03]} {[%emt 00:02:16]} exd4 {[%clk 01:03:13]} {[%emt
00:06:48]} 11. exd4 {[%clk 01:26:04]} {[%emt 00:00:29]} Nb6 {[%clk 01:00:07]}
{[%emt 00:03:36]} 12. Ne4 {[%clk 01:22:48]} {[%emt 00:03:40]} Bf5 {[%clk
00:50:02]} {[%emt 00:10:40]} 13. Nxf6+ {[%clk 01:22:41]} {[%emt 00:00:37]} Bxf6
{[%clk 00:50:18]} {[%emt 00:00:14]} 14. Bxf6 {[%clk 01:23:00]} {[%emt
00:00:11]} Qxf6 {[%clk 00:50:40]} {[%emt 00:00:08]} 15. Rfe1 {[%clk 01:20:46]}
{[%emt 00:02:44]} Nxc4 {[%clk 00:45:32]} {[%emt 00:05:39]} 16. Qxc4 {[%clk
01:20:58]} {[%emt 00:00:18]} Qd8 {[%clk 00:41:52]} {[%emt 00:04:10]} 17. Re3
{[%clk 01:19:09]} {[%emt 00:02:19]} d5 {[%clk 00:23:56]} {[%emt 00:18:26]} 18.
Qb3 {[%clk 01:18:09]} {[%emt 00:01:24]} b6 {[%clk 00:23:04]} {[%emt 00:01:28]}
19. Rae1 {[%clk 01:17:27]} {[%emt 00:01:06]} Rc8 {[%clk 00:16:38]} {[%emt
00:07:02]} 20. Ne5 {[%clk 01:15:36]} {[%emt 00:02:13]} Qd6 {[%clk 00:14:09]}
{[%emt 00:03:07]} 21. Qb5 {[%clk 01:14:24]} {[%emt 00:01:34]} Rce8 {[%clk
00:06:48]} {[%emt 00:07:59]} 22. Nxf7 {[%clk 01:01:34]} {[%emt 00:13:20]} Rxe3
{[%clk 00:02:21]} {[%emt 00:04:57]} 23. Nh6+ {[%clk 01:01:53]} {[%emt
00:00:11]} Kh8 {[%clk 00:01:53]} {[%emt 00:00:57]} 24. Rxe3 {[%clk 01:02:07]}
{[%emt 00:00:17]} Bc8 {[%emt 00:08:30]} 1/2-1/2